America's Stamps - The Story of One Hundred Years of U.S. Postage Stamps (Record no. 791)

000 -LEADER
fixed length control field 00316nam a22001217a 4500
003 - CONTROL NUMBER IDENTIFIER
control field OSt
008 - FIXED-LENGTH DATA ELEMENTS--GENERAL INFORMATION
fixed length control field 150215b xxu||||| |||| 00| 0 eng d
041 ## - LANGUAGE CODE
Language code of text/sound track or separate title eng
100 1# - MAIN ENTRY--PERSONAL NAME
Personal name Petersham, Maud and Miska
245 10 - TITLE STATEMENT
Title America's Stamps - The Story of One Hundred Years of U.S. Postage Stamps
260 ## - PUBLICATION, DISTRIBUTION, ETC. (IMPRINT)
Date of publication, distribution, etc. 1947
300 ## - PHYSICAL DESCRIPTION
Extent 0 pages
Holdings
Withdrawn status Lost status Damaged status Not for loan Permanent Location Current Location Date acquired Total Checkouts Date last seen Price effective from Koha item type
        Northern Philatelic Library Northern Philatelic Library 02/15/2015   06/28/2015 06/28/2015 Books

Powered by Koha